Приказы и выписки из приказов по личному составу Управления делами СНК и военной автобазы за 1921 год

Доступно только в Электронных читальных залах Найти на картеНа карте
RUSMARC
00003955nac2a22003011x 450
001a3298511-7a91-408b-8eb9-2ef13f43f09b
00520160709100132.0
100##$a20160524l19201921k y0rusy50 ca
1010#$arus
102##$aRU
105##$ay z |||||
1222#$ad19201218
$ad19211230
1220#$ad1921
2001#$aПриказы и выписки из приказов по личному составу Управления делами СНК и военной автобазы за 1921 год
$j18 декабря 1920 - 30 декабря 1921
215##$a268 листов
251##$cДело
300##$aЛист 246 подшит после листа 233
300##$aМашинописный и рукописный текст
324##$aВ деле имеются копии отдельных документов
330##$aВходит в раздел описи: III. Финансовый отдел
461#0$1001ad6baeac-e292-4829-90d1-2f4f65796a62
$12001
$aСОВЕТ НАРОДНЫХ КОМИССАРОВ РСФСР (СНК РСФСР)
$1251
$cФонд
$1852
$j130
$gР
462#0$1001749580a7-5abb-40c4-a39c-e540631a040a
$12001
$a1921 г.
$vД. 669
$1251
$cОпись
$1852
$j5
60101$3RU\NLR\AUTH\661074810
$aРСФСР
$bСовет Народных Комиссаров
60102$aСНК РСФСР. Управление делами
60102$aВоенная автобаза СНК
801#0$aRU
$bGA_RF
801#1$aRU
$bНПО Опыт
$c20160524
$2rusmarc
801#2$aRU
$bПБ им. Б.Н. Ельцина
$c20160709
$gRCR
$2rusmarc
852##$aГА РФ
$j669
937##$d79109526
$hПБ
035##$aRuPRLIB51039126
Формат отображения